| 000 | 00789cam a22002777a 4500 | ||
|---|---|---|---|
| 003 | CHAP | ||
| 005 | 20220329135111.0 | ||
| 008 | 971013s1938 r 00010 d | ||
| 010 | _a30919 | ||
| 011 | _a31891 | ||
| 035 | _a36003 | ||
| 040 | _cCHAP | ||
| 082 |
_a589.222 _bC68 |
||
| 100 | 0 | 0 |
_aCouch, John Nathaniel. _928603 |
| 245 | 1 | 4 | _aThe genus septobasidium |
| 260 |
_aChapel Hill : _bUniversity of North Carolina, _c1938 |
||
| 300 |
_a479 p. _b: ilus. |
||
| 590 |
_aBATCH-UPD _b10 _c20130110 _lUCH01 _h1359 |
||
| 590 |
_aCONVERSION _b10 _c20130109 _lUCH01 _h1318 |
||
| 650 | 1 | 4 |
_aAuriculariacae. _98346 |
| 650 | 1 | 4 |
_aHongos. _956084 |
| 650 | 1 | 4 |
_aSeptobasidium. _9104500 |
| 901 | _aBK | ||
| 942 | _cLIBRO | ||
| 949 |
_a589.222 C68 _bBC _cLIBRO _d33724000373874 _eLIBRO _h1619 _i36003 _si |
||
| 999 |
_c30919 _d30919 |
||